LEADER 01959nam a2200373 u 4500 001 000000023550 003 CaOOAMICUS 005 20070226111242.0 008 950606s1995 gw b u000 u ger u 020 $a3777294071 (set) 020 $a3777294098 (v. 1) 020 $a3777294101 (v. 2) 035 $a10593017 040 $aBAV$bita$dEFR$dPUL(R) 100 1 $aJenal, Georg.$0(OLS)http://pul/name/11373 245 10$aItalia ascetica atque monastica :$bdas Asketen- und Mönchtum in Italien von den Anfängen bis zur Zeit der Langobarden (ca. 150/250-604) /$cvon Georg Jenal. 260 $aStuttgart :$bHiersemann,$c1995. 300 $a2 v. (xx, 1024 p.) :$bKarten ;$c25 cm 490 1 $aMonographien zur Geschichte des Mittelalters ;$vBd. 39/I-II 504 $a"Quellen- Literaturverzeichnis": S. [846]-938. 650 4$aMonachismo e ordini religiosi$zItalia$yEvo antico.$0(OLS)http://pul/subject/14454 650 4$aAscetismo$zItalia$yEvo antico.$0(OLS)http://pul/subject/14455 830 0$aMonographien zur Geschichte des Mittelalters ;$vBd. 39/I-II.$0(OLS)http://pul/title/431 850 $aPUL 852 $aPUL$W1$xSL Filosofia 1$y2$m104 H 39 (1-2)$j33032$nBK-PRI$b $qStampati$B33032$CPULBib$Z2$F33032 $H $81 852 $aPUL$W1$xSL Filosofia 1$y2$m104 H 39 (1-2)$j33032$nBK-PRI$b $qStampati$B33033$CPULBib$Z2$F33033 $H $81 941 1 $a8 961 $aINV: 73722-73723 961 $aINV: 73722-73723 996 $6020$a3777294071 (set)$9(OLS)http://pul/number/29611 996 $6020$a3777294098 (v. 1)$9(OLS)http://pul/number/29612 996 $6020$a3777294101 (v. 2)$9(OLS)http://pul/number/29613 996 $6245$aItalia ascetica atque monastica :$bdas Asketen- und Mönchtum in Italien von den Anfängen bis zur Zeit der Langobarden (ca. 150/250-604)$9(OLS)http://pul/title/32703 996 $6260$aStuttgart :$bHiersemann$9(OLS)http://pul/publisher/48047 LEADER 01604nam a2200361 a 4500 001 000000173459 003 CaOOAMICUS 005 20240712124204.0 008 200520s2019 vc u000 u ita r 020 $z978-88-266-0342-1* 032 $aLibriCat 040 $aPUL$bita 082 04$a248.3 100 0 $aFranciscus PP.,$d1936-2025.$0(OLS)http://pul/name/86295 245 13$aLa preghiera : $bil respiro della vita nuova /$cPapa Francesco ; con prefazione del Patriarca di Mosca Kyrill. 260 $aCittà del Vaticano :$bLibreria editrice vaticana,$c©2019. 300 $a205 p. ;$c21 cm 490 1 $aScambio dei doni ;$v 650 4$aPreghiera cristiana.$0(OLS)http://pul/subject/19902 700 0 $aKirill,$bI,$cpatriarca di Mosca e di tutta la Russia,$d1946-$0(OLS)http://pul/name/81711 830 0$aScambio dei doni.$0(OLS)http://pul/title/214577 850 $aPUL 852 $aPUL$W1$xSL Religione 3$y85$m248. 3 FRANC 1$j197452$qDDC 21$B202236$CPULBib$Z2$F202236 $H134121 $82 900 $aBergoglio, Jorge Mario$986295 900 $aFrancesco, papa,$d1936-$986295 910 $aPapi (2013- : Franciscus PP.)$986295 910 $aPapi (2013- : Franciscus PP.)$986295 941 1 $a9 996 $6020$z978-88-266-0342-1*$9(OLS)http://pul/number/167462 996 $6082$a248.3$9(OLS)http://pul/classification/1918 996 $6245$aLa preghiera : $bil respiro della vita nuova$9(OLS)http://pul/title/214645 996 $6260$aCittà del Vaticano :$bLibreria editrice vaticana$9(OLS)http://pul/publisher/47920